IQ Test 🧠 - Statistics

General Stats
  • This quiz has been taken 2,381 times
  • The average score is 17 of 20
Answer Stats
Question Answer % Correct
Which insect makes honey? Bee
99%
Is a chicken egg always white? No
97%
Can some reptiles change color? Yes
97%
What is used to make glass? Sand
95%
Is the Milky Way a galaxy? Yes
95%
Can some trees live over 1K years? Yes
95%
Which of these materials is the hardest? Diamond
94%
Who painted the Mona Lisa? Leonardo da Vinci
94%
Is the sun a planet? No
94%
Can underwater volcanoes erupt on the ocean floor? Yes
94%
Do trees produce oxygen? Yes
93%
Is there oxygen in the blood? Yes
93%
Do all plants have flowers? No
92%
Will the sun eventually stop shining? Yes
89%
Does time always move forward? Yes
85%
Is the elephant the largest land animal? Yes
83%
Is there sound in space? No
79%
Do all planets have gravity? Yes
69%
Are spiders insects? No
67%
What is the lightest metal? Lithium
38%
No matching quizzes found
Score Distribution
Percent of People with Each Score
Percentile by Number Answered
Your Score History
You have not taken this quiz